Statistics for Over Again - One Direction (All lyrics)

Click here to take the quiz!

General Stats

  • This quiz has been taken 195 times
  • The average score is 364 of 412

Answer Stats

Answer% Correct
I
99%
to
99%
a
98%
the
98%
all
97%
Like
97%
like
97%
my
97%
you
97%
You
97%
And
96%
and
96%
Can
96%
can
96%
in
96%
me
96%
over
96%
start
96%
again?
95%
again
95%
do
95%
from
95%
heart
95%
if
95%
If
95%
it
95%
So
95%
so
95%
this
95%
we
95%
with
95%
your
95%
that
94%
That
94%
said
93%
Said
93%
make
92%
broken
91%
kiss
91%
days
90%
never
90%
same
90%
fit
89%
for
89%
go
89%
Two
89%
know
88%
know,
88%
show
88%
take
88%
body
87%
or
87%
are
86%
minute?
86%
stop
86%
tears
86%
tight
86%
British
85%
everything
85%
fall
85%
give
85%
her
85%
pain
85%
road?
85%
she
85%
showers
85%
tell
85%
down
84%
spirit
84%
we're
84%
'Cause
83%
clothes?
83%
might
83%
grip
82%
hands
82%
I'd
82%
leave
82%
no
82%
T-shirt
82%
both
81%
miss
81%
remove
81%
Then
81%
together
81%
what
81%
you're
81%
apart
80%
isn't
80%
mind
80%
mend
79%
parts
79%
it's
78%
just
78%
pretending
78%
say
78%
will
78%
three
77%
words
77%
lips
76%
polo
76%
of
75%
solo
75%
tied
75%
Whether
75%
could
74%
hurt
73%
joke
73%
Tongue
73%
You'll
73%
you'll
73%
feet
72%
how
72%
lend
72%
Now
72%
on
72%
regret
72%
admit
71%
she's
71%
middle
70%
since
70%
masks
69%
own
69%
went
69%
feeling
68%
low
68%
Running
68%
thoughts
68%
be
66%
Hole
65%
Bodies
63%
intertwined
62%
But
58%
want
57%
letting
56%
alone?
55%
really
55%
cursed
54%
she'll
51%
weakness
51%
guess
44%
hard
40%
still
40%
Yeah
33%
seed's
21%
sown
19%

Score Distribution

Percentile by Number Answered

Percent of People with Each Score

Your Score History

You have not taken this quiz